000 01197nam a22003497a 4500
003 CHAP
005 20220329143601.0
008 100721s1989 es a r 00010 spa d
010 _a98849
011 _a99821
020 _a8424126637
035 _a110507
040 _cCHAP
082 1 4 _a582.160012
_bAa77
100 1 _aAas, Gregory.
_9128
245 1 0 _aÁrboles :
_blas principales especies de árboles europeas, cómo reconocerlas y clasificarlas
_c/por Gregor Aas y Andreas Riedmiller
260 _aBarcelona, Esp. :
_bEverest,
_c1989
300 _a255 p. :
_bilus.
490 0 _aGran guía de la naturaleza
590 _aBATCH-UPD
_b10
_c20130110
_lUCH01
_h1101
590 _aBATCH-UPD
_b10
_c20130410
_lUCH01
_h0654
590 _aBATCH-UPD
_b10
_c20130914
_lUCH01
_h1551
590 _aBATCH-UPD
_b10
_c20190910
_lUCH01
_h1418
590 _aCONVERSION
_b10
_c20130109
_lUCH01
_h1355
650 1 4 _aÁrboles
_xClasificación.
_982435
650 1 4 _aÁrboles
_xIdentificación.
_982437
700 1 _aRiedmiller, Andreras.
_997363
830 0 _aGran guía de la naturaleza
_950318
901 _aBK
942 _cLIBRO
949 _a582.160012 Aa77
_bBC
_cC
_d33724002172801
_eC
_gI.c/e
_h112973
_i110507
_sb
999 _c98849
_d98849